000 00761nam a2200229 a 4500
001 42989
003 BD-RjUL
005 20211209053628.0
008 160618s1954 bg ||||| |||| 00| 0 ben d
020 _c: PRs.1.8
035 _a(BD-RjUL) 43107
040 _aBD-RjUL
_bben
_cBD-RjUL
041 _aben
082 _223
_a891.443
_bMAK 1954
100 _aমাশরেকী, আবদুল হাই
_9132015
245 1 0 _aকুলসুম /
_cআবদুল হাই মাশরেকী
260 _aঢাকা :
_bফয়জুন নেছা খানম,
_c১৯৫৪
300 _a৭৪ পৃ. ;
_c১৮ সেমি.
650 _aবাংলা উপন্যাস
_9132016
650 _aBengali fiction
_9132017
942 _2ddc
_cBK
999 _c42989
_d42989